Reestructuración del sector paraestatal.

Guardado en:
Bibliografiske detaljer
Institution som forfatter: México, Secretaría de Educación Pública. Subsecretaría de Educación e Investigación Tecnológicas Secretaría de la Contraloría General de la Federación
Format: Bog
Sprog:spansk
Serier:(Cuadernos de renovación nacional ; no. 4)
Fag:
Tags: Tilføj Tag
Ingen Tags, Vær først til at tagge denne postø!

MARC

LEADER 00000cam^a2200000uu^4500
001 000493655
005 20250521000000.0
008 030210s1988^^^^^^^^^^^^rd^r^^000^0^spa^d
009 20260310125508.608
022 |a 9686296042 
035 |a FCE 000037032 
035 |a FCE 037077 
037 |a Acervo ITESO - Biblioteca 
041 |a spa 
082 0 4 |a 082.300  |b C.R.N. 4 
110 |a México, Secretaría de Educación Pública. Subsecretaría de Educación e Investigación Tecnológicas  |b Secretaría de la Contraloría General de la Federación 
245 1 0 |a Reestructuración del sector paraestatal. 
264 |a México :  |b FCE,  |c 1988. 
300 |a 126 p. 
336 |a texto  |b txt  |2 rdacontenido 
337 |a sin mediación  |b n  |2 rdamedio 
338 |a volumen  |b nc  |2 rdasoporte 
440 0 |a (Cuadernos de renovación nacional ;  |v no. 4) 
649 |a XX 
650 |a México 
910 |a Fondo Centro de Estudios Educativos 
920 |a Impresos - Libros 
930 |a Fondos Especiales 
905 |a 133 
901 |a ALE037077  |b IT2  |c CEE  |u 20250521 
902 |a https://opac.biblio.iteso.mx/vufind/Record/000493655